Największe europejskie miasta na literę T - Quiz z mapą - Statystyki

Ogólne statystyki
  • Ten quiz został rozwiązany 89 razy
  • Średni wynik to 9 z 20
Odpowiedzi na mapie
Odpowiedzi zakodowano w zielono-czerwonej skali na mapie do tego quizu, zgodnie z poniższymi procentami.
 
Statystyki odpowiedzi
Liczba
Ludności
Kraj Miasto % Poprawnych
195263 Polska Toruń
96%
459326 Estonia Tallinn
95%
418495 Albania Tirana
95%
846916 Włochy Turyn
92%
509200 Francja Tuluza
77%
212660 Norwegia Trondheim
70%
204338 Włochy Triest
61%
197900 Finlandia Turku
61%
250849 Rumunia Timisoara
43%
249009 Finlandia Tampere
42%
225004 Ukraina Tarnopol
42%
475161 Rosja Tuła
31%
221947 Holandia Tilburg
25%
425072 Rosja Twer
23%
198585 Włochy Tarent
22%
179659 Francja Tulon
19%
137850 Francja Tours
17%
248643 Rosja Taganrog
8%
218535 Hiszpania Terrassa
5%
156910 Wielka Brytania Telford
3%
Nie znaleziono quizów pasujących do podanych kryteriów
Rozkład punktacji
Procent ludzi z każdym wynikiem
Percentyl według liczby udzielonych odpowiedzi
Twoja historia wyników
Nie rozwiązałeś tego quizu